000 00576nam a22002057a 4500
003 OSt
005 20251124110953.0
008 251122b |||||||| |||| 00| 0 eng d
020 _a9783319467078
040 _cDDC
082 _a333 RAN 2017
100 _aEditor Briske, David D.
_919529
245 _aRangeland Systems: processes, management and challenges
260 _aUSA; Springer open, 2017
300 _axv,661p.; Ill: 23.5cm
504 _aReferences, & Index included
650 _aRangeland Systems
_919530
650 _aLand farm
_919531
942 _2ddc
_cO_SHELF
999 _c9598
_d9598